MARC details
| 000 -LEADER |
| fixed length control field |
01063nam a2200265 a 4500 |
| 008 - FIXED-LENGTH DATA ELEMENTS--GENERAL INFORMATION |
| fixed length control field |
120416s1991 ||||||||||||||||| || u |
| 020 ## - INTERNATIONAL STANDARD BOOK NUMBER |
| International Standard Book Number |
0070611335 |
| 050 ## - LIBRARY OF CONGRESS CALL NUMBER |
| Classification number |
HD 108.6 Ste |
| 100 ## - MAIN ENTRY--PERSONAL NAME |
| Personal name |
Steiner, Frederick R |
| 245 14 - TITLE STATEMENT |
| Title |
The living landscape: an ecology approach to landscape planning |
| 260 ## - PUBLICATION, DISTRIBUTION, ETC. |
| Place of publication, distribution, etc. |
New York: |
| Name of publisher, distributor, etc. |
McGraw-Hill |
| Date of publication, distribution, etc. |
1991 |
| 300 ## - PHYSICAL DESCRIPTION |
| Extent |
xii, 356p.: ill. |
| 350 ## - PRICE (NR) (BK AM CF MU VM SE) [OBSOLETE] |
| Price |
0.00 |
| 500 ## - GENERAL NOTE |
| General note |
Includes bibliographical references (p. 331-346). |
| 650 ## - SUBJECT ADDED ENTRY--TOPICAL TERM |
| Topical term or geographic name entry element |
LANDSCAPE ARCHITECTURE |
| 650 ## - SUBJECT ADDED ENTRY--TOPICAL TERM |
| Topical term or geographic name entry element |
LANDSCAPE PROTECTION |
| 650 ## - SUBJECT ADDED ENTRY--TOPICAL TERM |
| Topical term or geographic name entry element |
PLANNING |
| 650 ## - SUBJECT ADDED ENTRY--TOPICAL TERM |
| Topical term or geographic name entry element |
LAND USE--PLANNING |
| 650 ## - SUBJECT ADDED ENTRY--TOPICAL TERM |
| Topical term or geographic name entry element |
LANDSCAPE PLANNING |
| 650 ## - SUBJECT ADDED ENTRY--TOPICAL TERM |
| Topical term or geographic name entry element |
LAND USE--ENVIRONMENTAL ASPECTS |
| 856 ## - ELECTRONIC LOCATION AND ACCESS |
| Uniform Resource Identifier |
<a href="http://www.loc.gov/catdir/enhancements/fy0602/90030908-t.html">http://www.loc.gov/catdir/enhancements/fy0602/90030908-t.html</a> |
| 856 ## - ELECTRONIC LOCATION AND ACCESS |
| Uniform Resource Identifier |
<a href="http://www.loc.gov/catdir/enhancements/fy0602/90030908-d.html">http://www.loc.gov/catdir/enhancements/fy0602/90030908-d.html</a> |
| 856 ## - ELECTRONIC LOCATION AND ACCESS |
| Uniform Resource Identifier |
<a href="http://www.loc.gov/catdir/enhancements/fy0602/90030908-b.html">http://www.loc.gov/catdir/enhancements/fy0602/90030908-b.html</a> |
| 995 ## - RECOMMENDATION 995 [LOCAL, UNIMARC FRANCE] |
| -- |
0.00 |
| -- |
CBU-MAIN LIBRARY (Kitwe) |
| -- |
1 |
| -- |
37.00 |
| -- |
1 |
| -- |
AVAILABLE |
| -- |
Main Library Open Access Collection |